Biblioteca

Una espiritualidad para un tiempo de incertidumbre (Registro nro. 69511)

Detalles MARC
000 -LÍDER
Campo fijo de descripción fija 01003nab a2200193 i 4500
001 - NÚMERO DE CONTROL
Campo de control 768714001
003 - IDENTIFICADOR DEL NÚMERO DE CONTROL
Campo de control CO-MdFUSB
005 - FECHA Y HORA DE LA ULTIMA TRANSACCIÓN
control field 20240506121500.0
008 - ELEMENTOS DE LONGITUD FIJA -- INFORMACIÓN GENERAL
Campo fijo de descripción fija -- Información general 240503t1966 sp ||||| |||| 00| 00spa d
040 ## - FUENTE DE CATALOGACIÓN
Idioma de catalogación spa
Agencia que realiza la transcripción CO-MdFUSB
Agencia que realiza la modificación CO-MdFUSB
041 ## - CÓDIGO DE IDIOMA
Código de idioma para texto/pista de sonido o título separado spa
100 ## - ASIENTO PRINCIPAL--NOMBRE PERSONAL
Nombre personal González-Ruiz, José María,
Término relacionador autor
245 #4 - TÍTULO
Título Una espiritualidad para un tiempo de incertidumbre
Mención de responsabilidad / José María González-Ruiz
520 ## - NOTA DE RESUMEN, ETC.
Nota de sumario, etc. En resumen destaca que la espiritualidad cristiana se caracteriza por la incertidumbre, como sin duda es el caso de nuestras propias prácticas espirituales. Además, subraya esta inevitable tensión dialéctica entre trascendencia y encarnación, que caracteriza la auténtica espiritualidad cristiana.
650 #0 - ASIENTO SECUNDARIO DE MATERIA - TERMINO TEMÁTICO
Término temático o nombre geográfico como elemento de entrada Vida espiritual
9 (RLIN) 51
773 0# - ASIENTO DE ITEM FUENTE
Biblionumber 49450
Itemnumber 82577
Otro identificador del ítem R2509
Título Revista internacional de teología Concilium
Número de control del registro (CO-MdFUSB)8
Número Internacional Normalizado para Publicaciones Seriadas (ISSN) 0210-1041
Parte(s) relacionada(s) / Volumen., número. (mes año), páginas Número 19, (noviembre, 1965), páginas: 239 - 253
Enumeración y primera página página: 239
942 ## - TIPO DE MATERIAL (KOHA)
Tipo de Item KOHA Artículos de Revista
945 ## - INFORMACIÓN LOCAL DEL REGISTRO
Catalogador Catherine Arias Álvarez practicante SENA

No hay ítems disponibles.

Biblioteca FUSBC | Teléfono: (57+4) 349 88 10 Ext. 141| WhatsApp (+57) 3005338115 
E-mail: biblioteca@unisbc.edu.co | Calle 76 87-14 Robledo Palenque, Medellín, Colombia

Con tecnología Koha